000 00366cam a2200145ua 4500
041 _aeng
_h
082 _a891.54
_bOMP/DE
100 _aOmprakash beri, .
245 _aDesh ke geeth /
_cOmprakash beli.
_hTextual Documents
260 _aVaranasi :
_bHindi pracharak pusthkalaya ,
_c1966.
300 _a47 ; .
504 _a
942 _cBK
999 _c11645
_d11645